01347cam a22003131 4500001001300000003000400013005001700017008004100034010001700075035002000092040001900112042001200131050002600143110003900169245015000208260002400358300002300382490003200405490003800437500010200475500015000577504002800727650003500755650002600790710004000816740004400856830006900900830006400969e 40000147 DLC20260227111228.0861020s1939 alu s000 0 eng  ae 40000147  a(OCoLC)14443063 aDLCcATrTdDLC apremarc00aL116b.B2 1940, no. 21 aAlabama.bDepartment of Education.10aPlanning the core curriculum in the secondary school.bAlabama curriculum development program.cAuthorized by the State board of education, 1939. a[Montgomery,c1939] avii, 71 p.c24 cm.1 aCurriculum bulletin,vno. 71 aDepartment bulletin,v1940, no. 2 aAt head of title: State of Alabama. Department of education. Division of instruction. Montgomery. a"Prepared, for the most part, by the Alabama committee working in the Curriculum laboratory of Peabody college during the summer of 1939."--p. v. aBibliography: p. 63-71. 0aEducationxCurriculazAlabama. 0aEducation, Secondary.1 aAlabama.bState Board of Education.0 aAlabama curriculum development program. 0aCurriculum bulletin (Alabama. Department of Education) ;vno. 7. 0aBulletin (Alabama. Department of Education) ;v1940, no. 2.